000 00433nam a2200181Ia 4500
001 20242
005 20260306172752.0
008 260306t2020||||xx |||||||||||||| ||spa||
041 _aESP
082 _a343
_bS17
100 _aSalas, Ramón
_eAUT
245 0 _aLecciones de derecho público constitucional
260 _c2020
300 _a293 páginas :
_c24 cm.
650 _aGEN
654 _aCDE
942 _cLIB
_dJUS
_fJUS
_2ddc
_n
999 _c20242
_d20242